000 01292cam a2200301Ma 4500
999 _c3683
_d3683
001 ocn237337105
003 OCoLC
005 20180606172658.0
008 070417s2007 le a d 000 0 engrd
020 _a274515558X
020 _a9782745155580
035 _a(OCoLC)237337105
040 _aLB-BrSB
_beng
_cHLS
_dOCLCQ
_dOCLCF
_dOCLCO
_dOCLCQ
041 0 _aeng
_aara
049 _aTZAA
050 _aREF PJ6640
_b.F37 2010
100 1 _aFarhat, Fadi A.
245 1 4 _aThe major dictionary, English-English-Arabic: general dictionary, rich, comprehensive and practical = al-Qāmūs al-asāsī, Inklīzī-Inklīzī-ʻArabī, qāmūs ʻāmm, ghanī, shāmil wa-amalī /
_bgeneral dictionary, rich, comprehensive and practical = al-Qāmūs al-asāsī, Inklīzī-Inklīzī-ʻArabī, qāmūs ʻāmm, ghanī, shāmil wa-amalī /
_cby Fadi Farhat, Rani Nouaimeh.
246 3 1 _aal-Qāmūs al-asāsī, Inklīzī-Inklīzī-ʻArabī, qāmūs ʻāmm, ghanī, shāmil wa-ʻamalī
250 _a1st ed.
260 _aBeirut :
_bDar al-Kotob al-Ilmiyah,
_c2007.
300 _a831 pages :
_bcolor illustrations ;
_c25 cm
650 0 _aEnglish language
_vDictionaries
_xArabic.
650 7 _aEnglish language.
_2fast
655 7 _aDictionaries.
_2fast
752 _aLebanon
_dBeirut.
942 _2lcc
_cBOOK